Вып. 123, 124 : Изучение коллекторов нефти и газа залегающих на больших глубинах; Труды [Московского института нефтехимической и газовой промышленности]

Dades bibliogràfiques
Parent link:Труды [Московского института нефтехимической и газовой промышленности]: [сборник]/ Московский институт нефтехимической и газовой промышленности им. И. М. Губкина (МИНХиГП). Вып. 123, 124 : Изучение коллекторов нефти и газа залегающих на больших глубинах.— , 1959-
Altres autors: Вассоевич Н. Б. Николай Брониславович (редактор), Прошляков Б. К. Борис Константинович
Idioma:rus
Publicat: Москва, Недра, 1977
Matèries:
Format: MixedMaterials Llibre
KOHA link:https://koha.lib.tpu.ru/cgi-bin/koha/opac-detail.pl?biblionumber=352712

MARC

LEADER 00000nam2a2200000 4500
001 352712
005 20231102010526.0
035 |a (RuTPU)RU\TPU\retro\9462 
035 |a RU\TPU\retro\9445 
090 |a 352712 
100 |a 20200203d1977 k y0rusy50 ca 
101 0 |a rus 
102 |a RU 
105 |a a z 001zy 
200 0 |a Вып. 123, 124 : Изучение коллекторов нефти и газа залегающих на больших глубинах  |f под ред. Н. Б. Вассоевича, Б. К. Прошлякова 
210 |a Москва  |c Недра  |d 1977 
215 |a 232 с.  |c ил. 
320 |a Библиогр. в конце ст. 
461 1 |0 (RuTPU)RU\TPU\retro\9257  |t Труды [Московского института нефтехимической и газовой промышленности]  |o [сборник]  |f Московский институт нефтехимической и газовой промышленности им. И. М. Губкина (МИНХиГП)  |v Вып. 123, 124 : Изучение коллекторов нефти и газа залегающих на больших глубинах  |d 1959-  
606 1 |a Нефтегазовые месторождения  |x Системы разработки  |x Эксплуатация  |2 stltpush  |3 (RuTPU)RU\TPU\subj\45562  |9 64757 
610 1 |a коллекторы 
610 1 |a глубокопогруженные осадочные толщи 
610 1 |a прогнозирование 
610 1 |a колличественная оценка 
610 1 |a формирование 
610 1 |a свойства 
610 1 |a Прикаспийская впадина 
610 1 |a Предкавказье 
610 1 |a Западно-Сибирский фундамент 
610 1 |a Волго-Уральский район 
610 1 |a Притбилисский район 
610 1 |a Днепровско-Донецкая впадина 
610 1 |a Припятская впадина 
610 1 |a Предкарпатский прогиб 
675 |a 622.276  |v 3 
702 1 |a Вассоевич  |b Н. Б.  |g Николай Брониславович  |4 340 
702 1 |a Прошляков  |b Б. К.  |g Борис Константинович  |4 340 
801 1 |a RU  |b 63413507  |c 20060206  |g PSBO 
801 2 |a RU  |b 63413507  |c 20200225  |g PSBO 
942 |c BK